| 000 | 00504cam a2200169 a 4500 | ||
|---|---|---|---|
| 020 | _a0931816750 | ||
| 020 | _a0931816424 (pbk.) | ||
| 040 | _cDLC | ||
| 082 | 0 | 0 | _a658 KUM 1989 A105 Co. |
| 100 | 1 | _aKiggundu, Moses N., | |
| 245 | 1 | 0 |
_aManaging organizations in developing countries : _ban operational and strategic approach / |
| 260 |
_aWest Hartford, Conn. : _bKumarian Press, _cc1989. |
||
| 300 |
_axx, 328 p. : _bill ; _c24 cm. |
||
| 500 | _aIncludes indexes. | ||
| 650 | 0 | _aManagement | |
| 942 | _cEK | ||
| 999 |
_c16128 _d16128 |
||